000 01452nam0a22003251 4500
001 v19\rc\1380557
005 20260407025158.0
035 _a(NLR Aleph) 004515769
090 _a4815421
_c4815421
100 _a20060512d1870 |||y0rusy50 ca
101 0 _arus
102 _aRU
105 _ay z |||||
135 _acrmn mmmanaba
200 1 _aСписок лицам, служащим по разным ведомствам в Астраханской губернии
_fСост. Астрахан. стат. ком.
210 _aАстрахань
_cтип. Лесникова
_d1870
215 _a104, VII с.
_d14
325 _aКопия доступна в Электрон. б-ке РНБ
712 0 2 _aАстраханский губернский статистический комитет
_3RU\NLR\AUTH\8810010927
_9519528
801 0 _aRU
_bNLR
_gpsbo
801 0 _aRU
_bRuMoRGB
_2psbo
801 1 _aRU
_bProSoft-M
_2rusmarc
852 _aNLR
_j18.297.3.222
942 _cBOOK
980 _aNB
981 2 2 _a(22) Материалы по истории России
_b(22) Списки служащих, военных чинов, переписи населения
981 2 2 _a(22) Материалы по истории России
_b(22) История России до 25 октября (7 ноября) 1917 года